20 bairros com mais crimes em Curitiba - Statistics

Estatísticas Gerais
  • Esse quiz foi jogado 67 vezes
  • A pontuação média é 15 de 20
Estatísticas das Respostas
N°de Crimes Bairro % Correto
8 1.150 Cidade Industrial
96%
1 3.912 Centro
95%
4 1.583 Boqueirão
91%
15 827 Batel
89%
2 2.044 Sítio Cercado
89%
10 1.058 Tatuquara
82%
3 1.667 Água Verde
81%
9 1.094 Pinheirinho
81%
6 1.311 Portão
81%
5 1.554 Cajuru
75%
16 800 Capão Raso
70%
18 725 Hauer
67%
7 1.262 Uberaba
67%
14 869 Xaxim
67%
20 650 Campo Comprido
58%
19 694 Santa Felicidade
56%
12 935 Novo Mundo
54%
17 768 Bairro Alto
51%
13 878 Bigorrilho
51%
11 996 Rebouças
49%
Nenhum quiz correspondente encontrado
Distribuição das Pontuações
Porcentagem de Pessoas com Cada Pontuação
Percentil de Números Respondidos
Sua Pontuação Histórica
Você não jogou esse quiz